Computer Science-XII (Record no. 10934)
[ view plain ]
| 000 -LEADER | |
|---|---|
| fixed length control field | 00254nam a22000977a 4500 |
| 008 - FIXED-LENGTH DATA ELEMENTS--GENERAL INFORMATION | |
| fixed length control field | 180411b ||||| |||| 00| 0 eng d |
| 020 ## - INTERNATIONAL STANDARD BOOK NUMBER | |
| International Standard Book Number | 9788177000245 |
| 100 ## - MAIN ENTRY--PERSONAL NAME | |
| Personal name | Arora Sumita |
| 9 (RLIN) | 6741 |
| 245 ## - TITLE STATEMENT | |
| Title | Computer Science-XII |
| 260 ## - PUBLICATION, DISTRIBUTION, ETC. (IMPRINT) | |
| Place of publication, distribution, etc. | New Delhi |
| Name of publisher, distributor, etc. | Dhanpat Rai & Co |
| Withdrawn status | Lost status | Source of classification or shelving scheme | Damaged status | Koha normalized classification for sorting | Not for loan | Home library | Current library | Shelving location | Date acquired | Total Checkouts | Full call number | Barcode | Date last seen | Date last checked out | Price effective from | Koha item type |
|---|---|---|---|---|---|---|---|---|---|---|---|---|---|---|---|---|
| Dewey Decimal Classification | ARO_004_000000000000000_D7 | Good Samaritan School Library | Good Samaritan School Library | Computer Science | 04/11/2018 | 4 | ARO004 D-7 | ARO14968 | 01/30/2020 | 01/22/2020 | 04/11/2018 | BOOK |